000
00340nam a2200181Ia 4500
100
_a
Dass/H.K
650
_a
Physics
250
_a
8
942
_c
BK
366
_f
20
654
_a
physics
245
_a
Mathematical Physics
260
_b
S.Chand & co
_c
2018
082
_b
DAS
300
_a
1416
546
_a
ENGLISH
999
_c
28759
_d
28759